000 00649nam a2200277Ia 4500
005 20260324115705.0
008 008 260324s9999 xx 000 0 eng d
020 _a9781315154114
037 _aEBOOK
040 _aCRL
040 _beng
040 _cCRL
041 _2eng
041 _aeng
084 _qCRL
100 _aWesley G. Skogan; Vicente Riccio
_91155642
245 0 _aPolice and Society in Brazil
260 _bTaylor and Francis
260 _c2017
365 _a
365 _b240
856 _uhttp://www.taylorfrancis.com/books/9781315154114
942 _cEBOOK
999 _c1746696
_d1746696